| 000 | 00811cab a22002175a 4500 | ||
|---|---|---|---|
| 001 | L157751 | ||
| 008 | 130426e20130420xxk 000 0 eng d | ||
| 035 | _a(Sirsi) u157751 | ||
| 041 | 0 | _aeng | |
| 100 | 1 | _aJohnston, Bryan | |
| 245 | 0 | 0 | _aDon't get left out in the cold |
| 260 | _c2013 | ||
| 490 |
_aEstates Gazette _v(1316) 20 April 2013, 98-100(3) |
||
| 520 | _aExplains that property owners need to act quickly to prepare for the ban on the environmentally unfriendly hydrochlorofluorocarbon refridgerant R22 which is used in heat pump refridgerant and air conditioning systems. Use of recycled R22 will be banned from 1 January 2015. | ||
| 590 | _aKA | ||
| 651 | 4 | _aUnited Kingdom | |
| 690 |
_aProperty management _96262 |
||
| 690 |
_aEnvironment _96238 |
||
| 700 | 1 | _aCoxall, Michael | |
| 942 | _n0 | ||
| 999 |
_c84451 _d84451 |
||